| 000 | 00652nam a2200241 a 4500 | ||
|---|---|---|---|
| 999 |
_c1263 _d1263 |
||
| 008 | 191213t2012 ii ad||g |||| 001 0 eng d | ||
| 020 |
_a9788131517598 _cRs. 599.00 |
||
| 040 |
_aKO _beng |
||
| 041 | 0 | _aeng | |
| 044 | _aii | ||
| 082 | 0 | 4 |
_223 _a519.5 _bK281 |
| 100 | 1 | _aKeller, Gerald | |
| 245 | 1 | 0 |
_aManagerial Statistics / _cGerald Keller |
| 250 | _a9th ed. | ||
| 260 |
_aDelhi : _bCengage Learning India Private Limited , _c2012. |
||
| 300 |
_axxvi, 919 p. : _bill. ; _c25 cm + _e1 CD-ROM |
||
| 504 | _aIncludes Index. | ||
| 650 | 0 | _aStatistics | |
| 650 | 0 |
_aManagement _xStatistical methods |
|
| 904 | _aA_BOSE | ||
| 942 | _cBK | ||